| 000 | 00660nam a2200241Ia 4500 | ||
|---|---|---|---|
| 003 | OSt | ||
| 005 | 20220924142424.0 | ||
| 006 | a|||||r|||| 00| 0 | ||
| 007 | ta | ||
| 008 | 220923b |||||||| |||| 00| 0 ben d | ||
| 020 | _c150 | ||
| 024 | _a301848 | ||
| 037 |
_bM/2008/39, 11/09/2008, Mukta Dhara _cTextual |
||
| 040 |
_aARTS _cARTS _bben |
||
| 041 |
_2ben _aben |
||
| 082 | _aY:351.275, 157Q0 | ||
| 100 |
_aSinha Shanti _9213365 |
||
| 245 | 0 | _aTusu | |
| 260 | _c2010 | ||
| 650 | _aMODERN EUROPEAN LANGUAGES | ||
| 942 |
_hY:351.275, 157Q0 _cTEXL _2CC |
||
| 999 |
_c450659 _d450659 |
||